| 000 | 00615nam a2200241 a 4500 | ||
|---|---|---|---|
| 001 | nice12345678 | ||
| 003 | IN_TiNIC | ||
| 005 | 20260116014005.0 | ||
| 008 | 050524s1999 hyda grp 000 0 urd | ||
| 020 |
_a _c200 |
||
| 082 | 0 | 0 |
_a297.4 _bQAD |
| 100 | _aQadri, M Abdus Sattar Khan | ||
| 245 | _aTazkira-I-Hazrat Muhaddis-E-Deccan. | ||
| 260 |
_aHyderabad _bMinar Book Depo. _c1999 |
||
| 300 | _a645p | ||
| 500 | _aincludes index and biblioraphy | ||
| 505 | 2 | _aIndex | |
| 650 | _aSufism-Muhaddis-E-Deccan | ||
| 700 | 1 | _aQadri, M Abdus Sattar Khan | |
| 902 | _bSRS | ||
| 942 | _cBK | ||
| 999 |
_c13399 _d13399 |
||